<?xml version="1.0" encoding="UTF-8"?><?xml-stylesheet type="text/xsl" href="static/style.xsl"?><OAI-PMH xmlns="http://www.openarchives.org/OAI/2.0/" xmlns:xsi="http://www.w3.org/2001/XMLSchema-instance" xsi:schemaLocation="http://www.openarchives.org/OAI/2.0/ http://www.openarchives.org/OAI/2.0/OAI-PMH.xsd"><responseDate>2026-06-30T04:09:28Z</responseDate><request verb="GetRecord" identifier="oai:riubu.ubu.es:10259/7960" metadataPrefix="marc">https://riubu.ubu.es/oai/request</request><GetRecord><record><header><identifier>oai:riubu.ubu.es:10259/7960</identifier><datestamp>2023-11-09T01:05:45Z</datestamp><setSpec>com_10259_6475</setSpec><setSpec>com_10259_5086</setSpec><setSpec>com_10259_2604</setSpec><setSpec>col_10259_7957</setSpec></header><metadata><record xmlns="http://www.loc.gov/MARC21/slim" xmlns:doc="http://www.lyncode.com/xoai" xmlns:xsi="http://www.w3.org/2001/XMLSchema-instance" xmlns:dcterms="http://purl.org/dc/terms/" xsi:schemaLocation="http://www.loc.gov/MARC21/slim http://www.loc.gov/standards/marcxml/schema/MARC21slim.xsd">
<leader>00925njm 22002777a 4500</leader>
<datafield tag="042" ind1=" " ind2=" ">
<subfield code="a">dc</subfield>
</datafield>
<datafield tag="720" ind1=" " ind2=" ">
<subfield code="a">Rodríguez Cachón, Teresa</subfield>
<subfield code="e">author</subfield>
</datafield>
<datafield tag="260" ind1=" " ind2=" ">
<subfield code="c">2019-10</subfield>
</datafield>
<datafield tag="520" ind1=" " ind2=" ">
<subfield code="a">La cadena alimentaria presenta unas características estructurales tan particulares que la convierten en un&#xd;
sector económico con gran potencial sobre el que explorar todas las posibilidades que ofrece el análisis&#xd;
económico del Derecho y, en particular, para estudiar las conclusiones que pueden derivarse de su análisis bajo la perspectiva de la economía de los costes de transacción. La economía de los costes de transacción, teoría a mitad de camino entre el Derecho, la Economía y la Teoría de la Organización, parte de la inherente e indefectible consideración como costoso de cualquier intercambio, para centrarse en el estudio de la configuración de estructuras que sean idóneas para minimizar al máximo posible los costes que de tales intercambios se derivan. Todo ello tiene por objetivo servir como medio a través del que mejorar la eficiencia de la contratación. El presente trabajo se centra en el estudio, a través del marco teórico de la economía de los costes de transacción, de una dimensión concreta de la contratación en la cadena alimentaria, los denominados contratos-tipo de productos agroalimentarios, con el objetivo de analizar en qué medida su actual configuración legal cumple con las condiciones que toda medida destinada a reducir los costes de transacción ha de cumplir para resultar eficiente. Todo ello está precedido de un análisis sobre la eventual pertinencia del uso de normas imperativas en un contexto contractual como en que existe en la cadena alimentaria.</subfield>
</datafield>
<datafield tag="520" ind1=" " ind2=" ">
<subfield code="a">Food supply chain has such particular structural characteristics that make it a high-potential economic&#xd;
sector in which to explore all possibilities provided by economic analysis of law and, in particular, in which&#xd;
to study all conclusions that may be derived from its analysis under the transaction costs economics&#xd;
perspective. Transaction costs economics, theory halfway between Law, Economy and Organization&#xd;
Theory, starts from the inherent and indefectible consideration as expensive of any exchange, to focus on&#xd;
the study of suitable structures configuration to minimize such costs triggered by any exchange. All of this&#xd;
has the aim of serving as a means through which to improve contracting efficiency. This paper focuses on&#xd;
the study, through the theoretical framework of transaction costs economics, of a specific aspect of&#xd;
contracting in food supply chain, the so-called standard-form contracts of agrifood products, with the aim&#xd;
of analyzing to what extent their current legal regime observances the conditions that any measure aimed&#xd;
at reducing transaction costs must meet to be efficient. All of this is preceded by an analysis on the possible appropriateness of the use of mandatory rules in a contractual context such as the existed one in the food supply chain.</subfield>
</datafield>
<datafield tag="024" ind2=" " ind1="8">
<subfield code="a">1698-739X</subfield>
</datafield>
<datafield tag="024" ind2=" " ind1="8">
<subfield code="a">http://hdl.handle.net/10259/7960</subfield>
</datafield>
<datafield ind1=" " ind2=" " tag="653">
<subfield code="a">Costes de transacción</subfield>
</datafield>
<datafield ind1=" " ind2=" " tag="653">
<subfield code="a">Condiciones de eficiencia</subfield>
</datafield>
<datafield ind1=" " ind2=" " tag="653">
<subfield code="a">Contrato-tipo</subfield>
</datafield>
<datafield ind1=" " ind2=" " tag="653">
<subfield code="a">Cadena alimentaria</subfield>
</datafield>
<datafield ind1=" " ind2=" " tag="653">
<subfield code="a">Transaction costs</subfield>
</datafield>
<datafield ind1=" " ind2=" " tag="653">
<subfield code="a">Efficiency conditions</subfield>
</datafield>
<datafield ind1=" " ind2=" " tag="653">
<subfield code="a">Standard-form contract</subfield>
</datafield>
<datafield ind1=" " ind2=" " tag="653">
<subfield code="a">Food supply chain</subfield>
</datafield>
<datafield tag="245" ind1="0" ind2="0">
<subfield code="a">Condiciones de eficiencia contractual bajo la economía de los costes de transacción</subfield>
</datafield>
</record></metadata></record></GetRecord></OAI-PMH>